00976nam a2200301 a 450000100060000000300080000600500170001400800410003102000120007203500190008403500230010303500190012603500170014504000310016204100080019308200240020110000280022524500420025326000340029530000340032950000200036350400300038365000450041365000350045894200120049399900170050595201520052260583BD-RjUL20211209080847.0170101s1976 ii b b 001 0 eng  cRs40.00 a(OCoLC)2426481 a(OCoLC)ocm02426481 a(BD-RjUL)60707 a(NNC)1905731 dNNCaBD-RjULbengcBD-RjUL aeng00a305.40954bBAI 19761 aBaig, Tara Ali.918043910aIndia's woman power /cTara Ali Baig. aNew Delhi :bS. Chand,c1976. axiv, 301 p. :bill. ;c23 cm. aIncludes index. aBibliography: p. 283-287. 0aWomenzIndiaxSocial conditions.9173743 0aWomenzIndiaxHistory.9180440 2ddccBK c60583d60583 00102ddc40718NFICaRUCLbRUCLcReadingd1978-09-28eIndia Int. Calcuttag40.00l0o305.40954 BAI 1976r2017-01-01 00:00:00tC-1w2017-01-01yBK